Дело о выдаче приказчику Гамбса, Тальгрену, за мебель для царских лож по Большому театру 227 рублей

Доступно только в Электронных читальных залах Найти на картеНа карте
RUSMARC
00003751nmc2a22000003x 450
001e2ccaa69-4825-4d66-ab56-7cd38e2e2482
00520190109161014.0
100##$a20170703l18491850k l0rusy0189 ca
1010#$arus
102##$aRU
2001#$aДело о выдаче приказчику Гамбса, Тальгрену, за мебель для царских лож по Большому театру 227 рублей
$j31 октября 1849 г. - 15 мая 1850 г.
251##$cДело
300##$aПо Санкт-Петербургской дирекции за 1849 год
300##$aДело
801#0$aRU
$bРГИА
$c20170703
$gRCR
801#1$aRU
$bГлавНИВЦ
$c20170703
$2rusmarc
801#2$aRU
$bПБ им. Б.Н. Ельцина
$c20190109
$gRCR
$2rusmarc
850##$aРГИА
852##$aРГИА
$eФедеральное казенное учреждение "Российский государственный исторический архив" (РГИА)
$j12250
937##$hРГИА
$d12246673
$aASBIBLIO_SCAN
462#0$1001dd3991dc-24e1-42ec-8838-ca4255420416
$12001
$a1746-1850 гг.
$1251
$cОпись
$1852
$j1
461#0$10019264ebf8-de62-4f1a-9eb4-9f22098dbbd5
$12001
$aДирекция императорских театров МИДв
$1251
$cФонд
$1852
$j497
215##$a6 л.
$d36,5х26 см
371##$aДокумент не является опубликованным и широко распространяемым
105##$ay###
1222#$ad
035##$ae2ccaa69-4825-4d66-ab56-7cd38e2e2482
856##$uhttp://readingroom.main.prlib.ru/item.aspx?id_node=n122768330&mode=full
Формат отображения